000 00727nam a2200217Ia 4500
003 OSt
005 20240917160841.0
008 210719s2008 xx 000 0 und d
040 _cAL
041 _akannada
082 _aK894.9 BHUB
100 _aBHUVANESHVARA (S H)
_9131290
_d ಭುವನೇಶ್ವರ (ಎಸ್‌ಎಚ್)
245 _aBichi jIvana mattu sahityavalokana
_bಬೀಚಿ ಜೀವನ ಮತ್ತು ಸಾಹಿತ್ಯವಲೋಕನ
260 _aBengaluru
_bSubhuvana Prakashana
_c2008
300 _aiv,172
_bPB
365 _b100
_cRs
650 _aKannada Criticism
_9131291
650 _aKannada literature
_9131292
906 _aBIchi ; jIvana ; mattu ; sAhityAvalOkana
942 _2ddc
_cBK
999 _c215196
_d215196